Synchronicity : (Record no. 586086)

MARC details
000 -LEADER
fixed length control field 00490nam a2200193 a 4500
008 - FIXED-LENGTH DATA ELEMENTS--GENERAL INFORMATION
fixed length control field 250909s1985##################000#0#eng##
020 ## - INTERNATIONAL STANDARD BOOK NUMBER
ISBN 9780415136495
082 04 - DEWEY DECIMAL CLASSIFICATION NUMBER
Classification number 133.5
Item number JUN
100 1# - MAIN ENTRY--AUTHOR NAME
Personal name Jung, C. G.,
245 10 - TITLE STATEMENT
Title Synchronicity :
260 ## - PUBLICATION, DISTRIBUTION, ETC. (IMPRINT)
Name of publisher Psychology Press,
Year of publication 1985.
300 ## - PHYSICAL DESCRIPTION
Number of Pages 160 pages
650 #0 - SUBJECT ADDED ENTRY--TOPICAL TERM
Topical Term Body, Mind & Spirit.
942 ## - ADDED ENTRY ELEMENTS (KOHA)
Koha item type English Books
Holdings
Withdrawn status Lost status Damaged status Not for loan Home library Current library Shelving location Date acquired Full call number Accession Number Price effective from Koha item type
        Anna Centenary Library Anna Centenary Library 3RD FLOOR, A WING 09.09.2025 133.5 JUN 171933 09.09.2025 English Books

Find us on the map